[Event "12th Maria Albulet Memorial 2019"]
[Site "Braila"]
[Date "2019.10.09"]
[Round "9.8"]
[White "Maria, Lia-Alexandra"]
[Black "Verbin, Valentina"]
[Result "1/2-1/2"]
[WhiteElo "1602"]
[BlackElo "2076"]
[Annotator "NA RC"]
[PlyCount "101"]
[EventDate "2019.10.02"]
[EventType "swiss"]
[EventCountry "ROU"]
[SourceTitle "playchess.com"]
[Source "ChessBase"]
[SourceQuality "1"]
[TimeControl "40/5400+30:900+30"]

{[%evp 17,98,29,85,73,51,49,58,37,50,66,25,22,34,8,7,11,2,-13,-18,-27,47,99,74,58,184,55,39,40,67,0,458,52,33,63,52,56,422,289,427,154,224,133,167,0,368,367,389,107,93,87,83,75,84,54,53,50,235,120,111,98,130,119,102,32767,32767,32767,130,79,133,0,177,201,206,242,241,256,247,32767,32767,32767,32767,32767,91]} 1. e4 {[%emt 0:00:00]} c5 {[%emt 0:00:00]} 2. Nf3 {[%emt 0:00:00]} d6 {[%emt 0:00:00]} 3. d4 {[%emt 0:00:00]} cxd4 {[%emt 0:00:00]} 4. Nxd4 {[%emt 0:00:00]} Nf6 {[%emt 0:00:00]} 5. Nc3 {[%emt 0:00:01]} a6 {[%emt 0:00:00]} ({Predecessor:} 5... e6 6. Be3 {0-1 (34) Eickhoff,H (2190)-Lunkmoss,G Germany 1996}) 6. Be3 {[%emt 0:00:18]} e6 {[%emt 0:00:17]} 7. g4 {[%emt 0:01:48]} h6 {[%emt 0:00:15]} 8. Rg1 {[%emt 0:02:20]} Nc6 {[%emt 0:00:37]} 9. h4 {[%emt 0:24:41] B81: Sicilian Scheveningen: Keres Attack} d5 $146 {[%emt 0:06:15]} (9... h5 10. gxh5 Rxh5 11. Bg5 Rh8 12. Be2 Bd7 13. Qd2 Qb6 14. Nb3 Qc7 15. O-O-O b5 16. a3 Rb8 {½-½ (49) Bacrot,E (2697)-Ivanchuk,V (2726) Berlin 2015}) 10. exd5 {[%emt 0:07:09]} Nxd5 {[%emt 0:00:11]} 11. Nxd5 {[%emt 0:03:05]} Qxd5 {[%emt 0:00:51]} 12. Bg2 {[%emt 0:03:12]} Qa5+ $1 {[%emt 0:01:31]} 13. c3 {[%emt 0:02:31]} Bd7 {[%emt 0:04:30]} 14. Qb3 {[%emt 0:04:08]} Qc7 {[%emt 0:03:36]} 15. O-O-O {[%emt 0:03:35]} Na5 {[%emt 0:01:00]} 16. Qc2 {[%emt 0:00:57]} Nc4 {[%emt 0:00:25]} 17. Rge1 {[%emt 0:02:22]} Be7 {[%emt 0:05:37]} 18. Kb1 {[%emt 0:05:31]} Rc8 {[%emt 0:03:46]} ({Better is} 18... Bxh4 $11 19. Bc1 O-O-O) 19. Bc1 {[%emt 0:01:29]} b5 $1 {[%emt 0:03:25]} 20. g5 {[%emt 0:03:10]} b4 {[%emt 0:10:25] [#]} ({Black should try} 20... hxg5 $14 21. hxg5 b4) 21. g6 {[%emt 0:03:04]} (21. gxh6 $1 $18 Rxh6 22. Bxh6 gxh6 23. cxb4) 21... bxc3 {[%emt 0:00:18]} 22. gxf7+ {[%emt 0:00:58]} Kf8 {[%emt 0:00:16]} 23. b3 {[%emt 0:02:35]} ({Reject} 23. Qxc3 e5 $11) (23. bxc3 $14 e5 24. Nb3) 23... Qb6 $2 {[%emt 0:04:02]} (23... e5 $14) 24. Qg6 $2 {[%emt 0:03:22]} (24. Bh3 $18 Nd2+ 25. Bxd2 cxd2 26. Qxd2) 24... Nd2+ {[%emt 0:10:21]} 25. Bxd2 {[%emt 0:01:59]} Qxd4 {[%emt 0:00:58]} 26. Be3 {[%emt 0:00:46] Pin} Qb4 $2 {[%emt 0:02:16]} (26... Qxd1+ $14 27. Rxd1 c2+ 28. Qxc2 Rxc2 29. Kxc2 Bc8) 27. Qc2 {[%emt 0:01:09]} Bb5 {[%emt 0:01:27]} (27... Bc6 {was necessary.} 28. Bxc6 Rxc6) 28. Rd4 $2 {[%emt 0:01:46]} (28. Bh3 $18 {and White stays clearly on top.} Bf6 29. Bxe6) 28... Qa3 $1 $11 {[%emt 0:01:19]} 29. Bc1 {[%emt 0:01:05]} (29. Bf4 $18) 29... Qc5 {[%emt 0:00:20]} 30. Be3 {[%emt 0:01:22]} (30. Rf4 $16) 30... Qf5 $2 {[%emt 0:03:47] [#]} 31. Be4 $1 {[%emt 0:01:50]} Qf6 {[%emt 0:03:12]} ({Of course not} 31... Qxf7 32. Bg6) 32. Red1 $2 {[%emt 0:04:57]} (32. Bg6 $18 {and White stays clearly on top.}) 32... e5 {[%emt 0:04:28]} ({Don't go for} 32... Qxf7 $2 33. Bg6 $18) 33. Rd5 {[%emt 0:02:19]} Bc6 $1 {[%emt 0:01:05]} 34. Qxc3 {[%emt 0:03:16]} Bb7 {[%emt 0:01:15]} 35. Qd3 {[%emt 0:01:18]} Bxd5 {[%emt 0:00:38]} 36. Bxd5 {[%emt 0:00:22]} g6 $2 {[%emt 0:04:18] [#]} ({Black should play} 36... h5 $14) 37. Rg1 {[%emt 0:02:02]} (37. f4 $1 $18 {[%cal Rf4e5] is the precise move to win.} Rd8 38. fxe5) 37... Rd8 {[%emt 0:00:47]} 38. Rxg6 {[%emt 0:01:02]} Rxd5 {[%emt 0:15:08] [#]} 39. Rg8+ $1 {[%emt 0:03:34] Decoy} Rxg8 {[%emt 0:00:37]} 40. fxg8=Q+ {[%emt 0:00:00]} Kxg8 {[%emt 0:00:00]} 41. Qxd5+ {[%emt 0:00:32]} Kg7 {[%emt 0:05:42]} 42. Kc2 {[%emt 0:03:30]} (42. Qb7 $142) 42... Qf5+ {[%emt 0:00:24]} 43. Kb2 {[%emt 0:02:13]} (43. Kd2 $16) 43... Bf6 $2 {[%emt 0:02:01]} (43... Bxh4 $11 44. Qb7+ Kg6) 44. Qb7+ {[%emt 0:01:13]} Kg6 {[%emt 0:00:05]} 45. Qxa6 {[%emt 0:01:17]} e4+ {[%emt 0:00:15]} 46. Kc1 {[%emt 0:04:26]} Qe5 {[%emt 0:00:20]} 47. Qc4 {[%emt 0:01:50]} Qa1+ {[%emt 0:01:08]} 48. Kc2 {[%emt 0:00:37]} Qxa2+ 49. Kd1 {[%emt 0:00:15]} Qb1+ $16 {[%emt 0:04:18]} 50. Kd2 Qb2+ 51. Kd1 1/2-1/2